Políticas de salud en América Latina: temas, tendencias y desafíos /
Los autores señalan que América Latina ha sido testigo de las reformas neoliberales más radicales en el sector de salud en el mundo. En este sentido, ofrecen un acercamiento preliminar y exploratorio que destaca algunos temas clave como la responsabilidad del Estado en la prestación de atención médi...
Gespeichert in:
| 1. Verfasser: | |
|---|---|
| Weitere Verfasser: | |
| Format: | Text |
| Schlagworte: | |
| Tags: |
Tag hinzufügen
Keine Tags, Fügen Sie den ersten Tag hinzu!
|
MARC
| LEADER | 00000 a a2200000 04500 | ||
|---|---|---|---|
| 001 | 3579 | ||
| 003 | |||
| 040 | |||
| 100 | |a Abel, Chistopher | ||
| 245 | |a Políticas de salud en América Latina: |b temas, tendencias y desafíos / |c Chistopher Abel ; Peter Lloyd - Sherlock | ||
| 500 | |a Resumen en español páginas 763 y en inglés páginas 850 | ||
| 520 | |a Los autores señalan que América Latina ha sido testigo de las reformas neoliberales más radicales en el sector de salud en el mundo. En este sentido, ofrecen un acercamiento preliminar y exploratorio que destaca algunos temas clave como la responsabilidad del Estado en la prestación de atención médica |a el papel del sector privado |a salud, pobreza y exclusión social |a salud y violencia y a los profesionales de la salud | ||
| 650 | |a SISTEMA DE SALUD | ||
| 650 | |a SEGURIDAD SOCIAL | ||
| 650 | |a BIENESTAR SOCIAL | ||
| 650 | |a POLITICA DE SALUD | ||
| 650 | |a ADMINISTRACION DE LA SALUD | ||
| 650 | |a DESCENTRALIZACION | ||
| 650 | |a ATENCION MEDICA | ||
| 650 | |a SECTOR PUBLICO | ||
| 650 | |a FUNCION PUBLICA | ||
| 650 | |a SECTOR PRIVADO | ||
| 650 | |a POBREZA | ||
| 650 | |a DESIGUALDAD SOCIAL | ||
| 650 | |a CONFLICTOS SOCIALES | ||
| 650 | |a ACCESO A LA SALUD | ||
| 700 | |a Lloyd - Sherlock, Peter | ||
| 773 | |g volumen 54, número 9; páginas 800-810 | ||
| 999 | |c 35123 |d 35123 | ||
